Truce - Twenty One Pilots Lyrics - Statistics

General Stats
  • This quiz has been taken 32 times
  • The average score is 60 of 78
Answer Stats
Lyrics % Correct
an
95%
coming
95%
end
95%
is
95%
night
95%
Verse 1 Now
95%
the
95%
to
95%
but
86%
die,
86%
Verse 2 I
86%
The
86%
will
86%
Chorus You
86%
again
81%
alive,
81%
alive
81%
and
81%
die
81%
for
81%
free
81%
I
81%
is
81%
is
81%
life
81%
me
81%
now
81%
rise
81%
Pre-Chorus Stay
81%
stay
81%
sun
81%
to
81%
try
81%
we
81%
what
81%
will
81%
will
81%
your
81%
again
76%
in
76%
night
76%
sure
76%
Take
76%
the
76%
will
76%
but
71%
die,
71%
die
71%
fear
71%
free
71%
friend
71%
I'm
71%
in
71%
is
71%
is
71%
life
71%
my
71%
not
71%
now
71%
only
71%
pride
71%
to
71%
what
71%
will
71%
Chorus You
71%
your
71%
alive,
67%
alive
67%
for
67%
hope
67%
me
67%
Pre-Chorus Stay
67%
stay
67%
sure
67%
Take
67%
pride
62%
friend)
43%
(only
43%
No matching quizzes found
Score Distribution
Percent of People with Each Score
Percentile by Number Answered
Your Score History
You have not taken this quiz